Statistics for Capitals of German States

Click here to take the quiz!

General Stats

  • This quiz has been taken 7,678 times
  • The average score is 9 of 16

Answer Stats

State Population Capital % Correct
(city municipality)3,375,222Berlin
99%
Bavaria1,388,308Munich
98%
(city municipality)1,738,366Hamburg
94%
Northrhine-Westphalia593,682Düsseldorf
77%
Saxony525,105Dresden
76%
Baden-Württemberg591,015Stuttgart
71%
(city municipality)546,451Bremen
69%
Lower Saxony509.485Hannover
60%
Schleswig-Holstein239,866Kiel
49%
Brandenburg159,456Potsdam
44%
Saarland176,996Saarbrücken
43%
Rhineland-Palatinate201,002Mainz
39%
Saxony-Anhalt228,910Magdeburg
32%
Hesse/Hessia272,636Wiesbaden
31%
Thuringia203,485Erfurt
30%
Mecklenburg-Vorpommern91,264Schwerin
27%

Score Distribution

Percentile by Number Answered

Percent of People with Each Score

Your Score History

You have not taken this quiz